Datum a čas kvízu
14
Celkem bodů
Celkový počet nahraných bodů na tomto kvízu bez doplňovacích otázek.
7.
Pořadí na kvízu
Konečné umístění týmu na tomto kvízu.
Zaznamenané odpovědi
| # | Otázka | Odpověď | Body | Výsledky |
|---|---|---|---|---|
| 1. | Zlidovělý výraz Andreje Babiše... | 1 | ||
| 2. | "Filosof a revolucionář Karl M... | 0 | ||
| 3. | V Brně se minulý týden konal p... | 1 | ||
| 4. | Desítky nových "hackerů" ročně... | 1 | ||
| 5. | Minulý týden začala první cykl... | 0 | ||
| 6. | Košile patří k základním typům... | 0 | ||
| 7. | Dámská obdoba košile se nejčas... | 1 | ||
| 8. | Paramilitární křídlo italských... | 1 | ||
| 9. | Ze kterého česko-německého tel... | 0 | ||
| 10. | Polotriko, zkráceně polo, je j... | 0 |